| 000 | 00592nam a2200193Ia 4500 | ||
|---|---|---|---|
| 008 | 191130s2008##################000#0#eng## | ||
| 020 | _a9781416543121 | ||
| 040 |
_aACL _cACL |
||
| 082 | _a332.6 EDE | ||
| 100 | _aEdelman, Ric | ||
| 245 |
_aThe lies about money: why you need to own the portfolio of the future _cRic Edelman |
||
| 260 |
_aNewyork _b[publisher not identified] _c2008 |
||
| 300 | _axvii, 316p. : ill | ||
| 500 | _aIncludes bibliographical references and index | ||
| 650 | _aEconomics | ||
| 990 | _a4c7ff44eac10000c241195a783de4a50 | ||
| 991 | _a164864 | ||
| 999 |
_c56515 _d56515 |
||